000 01497nam a2200409 i 4500
001 36235
003 KOSZ 005
005 20211004150446.0
008 981010s1998 pl a f |100 0 pol d
040 _cKOSZ 005
_aKOSZ 005
_dKOSZ 005/HR
041 0 _apl
_ben
046 _k1998
080 _a528.7/.8
080 _a528.9
080 _a(06)
245 0 0 _aFotointerpretacja w geografii :
_bproblemy telegeoinformacji.
_nT. 26 /
_cred. nauk. Jan R. Olędzki ; Polskie Towarzystwo Geograficzne. Klub Teledetekcji Środowiska.
260 _aWarszawa :
_bPTG,
_c1998.
300 _a52, [1] s. :
_bfot.[w tym kolor.] ;
_c29 cm.
336 _2rdacontent
_aTekst
_btxt
337 _2rdamedia
_aBez urządzenia pośredniczącego
_bn
338 _2rdacarrier
_aWolumin
_bnc
380 _aKsiążki
380 _aPublikacje naukowe
388 _a1901-2000
388 _a1989-2000
505 8 _aZawiera materiały pokonerencyjne XVII Ogólnopolskiej Konferencji Fotointerpretacji i Teledetekcji, odbytej w Szymbarku w dniach 3-5.06.1998 r.
650 7 _aTeledetekcja
650 7 _aGeoinformacja
650 7 _aGeografia
650 7 _aKartografia
655 _aFotografia lotnicza
655 _aMateriały konferencyjne
658 _aGeografia i nauki o Ziemi
700 1 _aOlędzki Jan Romuald
_d(1941- )
_eRedakcja
856 _uhttp://koha.tu.koszalin.pl/cgi-bin/koha/opac-detail.pl?biblionumber=36235
_yKatalog online BPK
942 _cKS
_2UKD
999 _c36235
_d36235